موسوعة لاروس مغامرات الحياة / (رقم التسجيلة. 108783)
[ عرض عادي ]
| 000 -LEADER | |
|---|---|
| fixed length control field | 00652nam a22002177a 4500 |
| 005 - DATE AND TIME OF LATEST TRANSACTION | |
| control field | 20251108173635.0 |
| 008 - FIXED-LENGTH DATA ELEMENTS--GENERAL INFORMATION | |
| fixed length control field | 250721s2002 xx 000 0 ara d |
| 020 ## - INTERNATIONAL STANDARD BOOK NUMBER | |
| International Standard Book Number | 995328010x |
| 082 14 - DEWEY DECIMAL CLASSIFICATION NUMBER | |
| Classification number | م/ط/574/موس |
| 100 1# - MAIN ENTRY--PERSONAL NAME | |
| Personal name | أنطونيوس، فريد |
| Relator term | مترجم |
| 245 10 - TITLE STATEMENT | |
| Title | موسوعة لاروس مغامرات الحياة / |
| 264 1# - PRODUCTION, PUBLICATION, DISTRIBUTION, MANUFACTURE, AND COPYRIGHT NOTICE | |
| Place of production, publication, distribution, manufacture | بيروت : |
| Name of producer, publisher, distributor, manufacturer | عويدات للنشر و الطباعة، |
| Date of production, publication, distribution, manufacture, or copyright notice | 2002. |
| 300 ## - PHYSICAL DESCRIPTION | |
| Extent | 95ص |
| 490 0# - SERIES STATEMENT | |
| Series statement | شبابنا |
| 650 17 - SUBJECT ADDED ENTRY--TOPICAL TERM | |
| Topical term or geographic name as entry element | علوم الحياة |
| 650 17 - SUBJECT ADDED ENTRY--TOPICAL TERM | |
| Topical term or geographic name as entry element | النمو |
| 650 17 - SUBJECT ADDED ENTRY--TOPICAL TERM | |
| Topical term or geographic name as entry element | التطور |
| 653 ## - INDEX TERM--UNCONTROLLED | |
| Uncontrolled term | ناشئون كبار (15-18) سنة |
| 942 ## - ADDED ENTRY ELEMENTS (KOHA) | |
| Source of classification or shelving scheme | Dewey Decimal Classification |
| Koha item type | مراجع |
| حالة السحب | حالة الفقدان | مصدر التصنيف | حالة التلف | غير قابل للإعارة | المكتبة الرئيسية | المكتبة الحالية | موقع الرف | تاريخ التزويد | الرقم المتسلسل | Total Checkouts | رقم الإستدعاء | الباركود | تاريخ آخر ظهور | تاريخ الفاتورة | نوع المادة (كوها) |
|---|---|---|---|---|---|---|---|---|---|---|---|---|---|---|---|
| Dewey Decimal Classification | Not For Loan | مكتبة الأميرة سلمى | مكتبة الأميرة سلمى | مراجع | 21/02/2016 | 568068 | م/ط/574/موس | PLD00375221 | 28/07/2025 | 21/02/2016 | مراجع | ||||
| Dewey Decimal Classification | Not For Loan | مكتبة الأميرة سلمى | مكتبة الأميرة سلمى | مراجع | 17/03/2016 | 565622 | م/ط/574/موس | PLD00380698 | 28/07/2025 | 17/03/2016 | مراجع | ||||
| Dewey Decimal Classification | Not For Loan | مكتبة الياسمين للأطفال | مكتبة الياسمين للأطفال | الأطفال | 12/04/2014 | 556806 | م/ط/574/موس | PLD00298791 | 28/07/2025 | 12/04/2014 | مراجع |